书目信息 |
| 题名: |
中级力学习题集
|
|
| 作者: | 《中级力学习题集》编译组译 | |
| 分册: | 下册 | |
| 出版信息: | 武汉 湖北人民出版社 1982 |
|
| 页数: | 441-868页 | |
| 开本: | 20cm | |
| 丛书名: | ||
| 单 册: | ||
| 中图分类: | O3-44 | |
| 科图分类: | ||
| 主题词: | 力学--习题 | |
| 电子资源: | ||
| ISBN: | ||
| 000 | 00574nam0 2200217 45 | |
| 001 | 0182001216 | |
| 005 | 20060809105834.03 | |
| 010 | @dCNY1.31 | |
| 091 | @a7106.1661 | |
| 100 | @a19950612d1982 em y0chiy0121 ea | |
| 101 | 1 | @achi |
| 102 | @aCN@b420000 | |
| 105 | @ay g 000yy | |
| 200 | 10 | @a中级力学习题集@h下册@Azhong ji li xue xi ti ji@f《中级力学习题集》编译组译 |
| 210 | @a武汉@c湖北人民出版社@d1982 | |
| 215 | @a441-868页@d20cm | |
| 606 | @a力学@x习题 | |
| 690 | @aO3-44@v3 | |
| 801 | 0 | @aCN@bTSSF@c20060809 |
| 801 | 2 | @aCN@bNLC@c20060726 |
| 905 | @dO3-44@e55:2 | |
| 中级力学习题集.下册/《中级力学习题集》编译组译.-武汉:湖北人民出版社,1982 |
| 441-868页;20cm |
| ISBN :CNY1.31 |
| ● |
| 相关链接 |
|
|
|
|
正题名:中级力学习题集
索取号:O3-44/55:2
 
预约/预借
| 序号 | 登录号 | 条形码 | 馆藏地/架位号 | 状态 | 备注 |
| 1 | 0431098 | 204310986 | 密集书库/ [索取号:O3-44/55:2] | 在馆 | |
| 2 | 0431795 | 204317952 | 密集书库/ [索取号:O3-44/55:2] | 在馆 | |
| 3 | 0447846 | 204478467 | 密集书库/ [索取号:O3-44/55:2] | 在馆 |